000 01315nam0a22003011 4500
001 v19\rc\1935155
005 20251118180751.3
035 _a(NLR Aleph) 005019619
090 _a6575016
_c6575016
100 _a20080404d1912 u y0rusy50 ca
101 0 _arus
102 _aRU
105 _ay z |||||
200 1 _aИзбранные чтения и песнопения из книг Святейшего Писания
_e(С крат. объясн.)
_eПособие при изуч. богослужения православ. церкви
_fСвящ. П. Соколов, законоучитель Моск. Елисавет. жен. гимназии
210 _aМосква
_c"Сотр. шк." А.К. Залесской
_d1912
215 _a124 с.
_d20
532 1 3 _aИзбранные чтения и песнопения из книг Святейшего Писания
700 1 _7ca
_8rus
_aСоколов
_bП. С.
_cсвященнослужитель, педагог
_gПавел Сергеевич
_9253061
_3RU\NLR\AUTH\770253117
801 0 _aRU
_bNLR
_gpsbo
801 0 _aRU
_bRuMoRGB
_2psbo
801 1 _aRU
_bProSoft-M
_2rusmarc
852 _aNLR
_j37.35.5.26
899 _aRuMoRGB
_jM 84/117
899 _aRuMoRGB
_jR 102/162
899 _aБАН
942 _cBOOK
980 _aNB